Recreation planning in new communities : a review of British experience /

Bibliographic Details
Main Author: Veal, Anthony James
Format: Book
Language:English
Published: Birmingham : Centre for Urban and Regional Studies, University of Birmingham, 1975.
Series:Research memorandum (University of Birmingham. Centre for Urban and Regional Studies) ; no. 46.
Subjects:

MARC

Tag First Indicator Second Indicator Subfields
LEADER 00000cam a2200000 i 4500
001 in00000052318
005 20151007070059.0
008 761014s1975 enk b 00010 eng
010 |a  76362245  
015 |a GB75-29267 
020 |a 0704401762 :  |c 1.25 
035 |a (OCoLC)02931042 
035 |9 AAE3300AM 
040 |a DLC  |c DLC  |d TXA  |d UtOrBLW 
043 |a e-uk--- 
049 |a TXAM  |c [981362] 
050 0 0 |a GV75  |b .V42 
082 0 |a 711/.558/0941 
100 1 |a Veal, Anthony James. 
245 1 0 |a Recreation planning in new communities :  |b a review of British experience /  |c by A. J. Veal. 
264 1 |a Birmingham :  |b Centre for Urban and Regional Studies, University of Birmingham,  |c 1975. 
300 |a 9 unnumbered pages, 110 pages ;  |c 30 cm. 
336 |a text  |b txt  |2 rdacontent 
337 |a unmediated  |b n  |2 rdamedia 
338 |a volume  |b nc  |2 rdacarrier 
490 1 |a Research memoranda - Centre for Urban and Regional Studies, University of Birmingham ; 46,  |x 0306-4043 
504 |a Bibliography: pages 82-106. 
650 0 |a Recreation  |z Great Britain. 
650 0 |a Outdoor recreation  |z Great Britain. 
650 0 |a New towns  |z Great Britain. 
830 0 |a Research memorandum (University of Birmingham. Centre for Urban and Regional Studies) ;  |v no. 46. 
999 |a MARS 
999 f f |s 927254a2-3693-3490-8177-f6840135e281  |i ac96020a-395e-3053-bef5-9d7aa8f61ba9  |t 0 
952 f f |p ric  |a Texas A&M University  |b Rellis Campus  |c Joint Library Facility  |d Remote Storage  |t 0  |e GV75 .V42  |h Library of Congress classification  |i unmediated -- volume  |m A14802451898 
998 f f |a GV75 .V42  |t 0  |l Remote Storage